000 00417nam a2200181Ia 4500
001 16501
005 20260306170314.0
008 260306t2009||||xx |||||||||||||| ||und||
041 _aESP
082 _a348.6
_bO43
100 _aOlea, Manuel Alonso
_eAUT
245 0 _aDerecho del trabajo
260 _c2009
300 _a1429 páginas :
_c24 cm.
650 _aGEN
654 _aCDE
942 _cLIB
_dJUS
_fJUS
_2ddc
_n
999 _c16501
_d16501